[Event "XV C.to Italiano U20"]
[Site "Fiuggi ITA"]
[Date "2007.07.21"]
[Round "4"]
[White "Dini, Andrea"]
[Black "Maggi, Fabrizio"]
[Result "0-1"]
[WhiteElo "1949"]
[BlackElo "1895"]
[PlyCount "72"]
[EventDate "2007.07.18"]

1. d4 d5 2. Nf3 c5 3. c3 Nc6 4. Bf4 Nf6 5. e3 Qb6 6. Qc1 cxd4 7. exd4 Bf5 8.
Nbd2 e6 9. Nh4 Bg6 10. Nxg6 hxg6 11. Nf3 Be7 12. Bd3 Rc8 13. Qd2 a5 14. a4 Nd7
15. Qe2 Bf6 16. Ng5 Ne7 17. O-O Nf5 18. Rfe1 O-O 19. Bb5 Rfd8 20. Qg4 Nf8 21.
Rab1 Be7 22. Qh3 Bd6 23. Bd2 Be7 24. Qg4 Bf6 25. Bf4 Be7 26. Qh3 Bd6 27. Bxd6
Qxd6 28. g4 Nh6 29. Qf3 Qe7 30. h4 Qf6 31. Kg2 Nh7 32. Nxh7 Kxh7 33. Qg3 Ng8
34. Bd3 Kh8 35. g5 Qe7 36. Rh1 Qc7 0-1

[Event "XV C.to Italiano U20"]
[Site "Fiuggi ITA"]
[Date "2007.07.21"]
[Round "4"]
[White "Dvirnyy, Danyyil"]
[Black "Campese, Andrea"]
[Result "1-0"]
[WhiteElo "2365"]
[BlackElo "1817"]
[PlyCount "117"]
[EventDate "2007.07.18"]

1. g3 b6 2. Bg2 d5 3. Nf3 Bb7 4. O-O e6 5. b3 c5 6. Bb2 Nf6 7. d3 Nc6 8. Nbd2
Be7 9. e3 Qc7 10. c4 O-O 11. a3 Rfd8 12. Qe2 dxc4 13. Nxc4 Ba6 14. Rfd1 Bxc4
15. bxc4 Nd7 16. Rac1 e5 17. Nd2 f5 18. Nb1 Bd6 19. Nc3 Ne7 20. Nb5 Qb8 21. Bc3
a6 22. Nxd6 Qxd6 23. d4 Qc7 24. dxe5 Nxe5 25. h3 Nf7 26. Qb2 g6 27. Qc2 Rxd1+
28. Rxd1 Rd8 29. Bb2 h5 30. Rxd8+ Qxd8 31. Qc3 Kf8 32. Bf3 Qd6 33. h4 Nc6 34.
Qg7+ Ke7 35. Bd5 Ncd8 36. f4 b5 37. Qc3 Kd7 38. Kf2 Kc7 39. Qg7 Kb6 40. Bc3 b4
41. axb4 cxb4 42. Bd4+ Ka5 43. Bxf7 Nxf7 44. Qxf7 Ka4 45. Qd5 Qb8 46. Qc6+ Ka3
47. Qxa6+ Kb3 48. c5 Qg8 49. c6 Qd5 50. c7 Qh1 51. Qd3+ Ka4 52. c8=R Qh2+ 53.
Ke1 Qxg3+ 54. Kd2 Qg2+ 55. Qe2 Qb7 56. Rc4 Ka3 57. Bc5 Qd5+ 58. Kc2 Qd7 59.
Qd3+ 1-0

[Event "XV C.to Italiano U20"]
[Site "Fiuggi ITA"]
[Date "2007.07.21"]
[Round "4"]
[White "Frilli, Guido"]
[Black "Fossati, Remigio"]
[Result "1/2-1/2"]
[WhiteElo "2168"]
[BlackElo "2195"]
[PlyCount "24"]
[EventDate "2007.07.18"]

1. e4 e6 2. d3 c5 3. Nf3 Nc6 4. g3 g6 5. Bg2 Bg7 6. Nc3 Nge7 7. Be3 d6 8. O-O
O-O 9. Qd2 Nd4 10. Nh4 Rb8 11. Nd1 f5 12. c3 Ndc6 1/2-1/2

[Event "XV C.to Italiano U20"]
[Site "Fiuggi ITA"]
[Date "2007.07.21"]
[Round "4"]
[White "Locci, Damiano"]
[Black "Cinque, Antonio"]
[Result "1-0"]
[WhiteElo "2025"]
[BlackElo "1653"]
[PlyCount "51"]
[EventDate "2007.07.18"]

1. Nf3 e6 2. d4 d5 3. c4 Nf6 4. g3 Nbd7 5. Bg2 c6 6. O-O Bd6 7. Nbd2 O-O 8. Qc2
Re8 9. e4 dxe4 10. Nxe4 Nxe4 11. Qxe4 Nf6 12. Qe2 h6 13. Rd1 Qe7 14. c5 Bc7 15.
Ne5 Bxe5 16. Qxe5 Nd7 17. Qe2 e5 18. d5 cxd5 19. Bxd5 Nxc5 20. Be3 Be6 21. Qb5
Rac8 22. Bxe6 fxe6 23. Rac1 a6 24. Qb4 a5 25. Qxa5 Na6 26. Qxe5 1-0

[Event "XV C.to Italiano U20"]
[Site "Fiuggi ITA"]
[Date "2007.07.21"]
[Round "4"]
[White "Piscitelli, Vito"]
[Black "Gorgoglione, Enrico"]
[Result "1/2-1/2"]
[WhiteElo "1918"]
[BlackElo "1748"]
[PlyCount "78"]
[EventDate "2007.07.18"]

1. e4 e5 2. Nf3 Nf6 3. Nxe5 d6 4. Nf3 Nxe4 5. d3 Nf6 6. d4 d5 7. Bd3 Bd6 8. O-O
O-O 9. Re1 Bg4 10. Bg5 h6 11. Bh4 c6 12. Nbd2 Nbd7 13. c3 Qc7 14. Qc2 Rae8 15.
Bg3 a6 16. Bxd6 Qxd6 17. a4 Rxe1+ 18. Rxe1 Re8 19. Rxe8+ Nxe8 20. Bf5 Bxf5 21.
Qxf5 Qe6 22. Qxe6 fxe6 23. Ne5 Nef6 24. f3 Kf8 25. Nb3 Nxe5 26. dxe5 Nd7 27. f4
Ke7 28. Kf2 b6 29. a5 bxa5 30. Nxa5 Nc5 31. Ke3 Kd7 32. Kd4 Na4 33. b3 c5+ 34.
Kd3 Nb6 35. Nb7 Kc6 36. Nd6 Nd7 37. Ne8 g6 38. Nd6 Nf8 39. Nf7 h5 1/2-1/2

[Event "XV C.to Italiano U20"]
[Site "Fiuggi ITA"]
[Date "2007.07.21"]
[Round "4"]
[White "Pomaro, Alberto"]
[Black "Valsecchi, Alessio"]
[Result "1-0"]
[WhiteElo "2149"]
[BlackElo "2175"]
[PlyCount "120"]
[EventDate "2007.07.18"]

1. d4 Nf6 2. c4 c5 3. Nf3 cxd4 4. Nxd4 g6 5. g3 Bg7 6. Bg2 O-O 7. O-O Nc6 8.
Nc3 Qb6 9. Nc2 d6 10. Ne3 Be6 11. Ned5 Bxd5 12. cxd5 Ne5 13. Bh3 h5 14. e4 Qa6
15. Bg5 b5 16. Qe2 Qb7 17. f4 Nc4 18. Rac1 a6 19. b3 Nb6 20. Nb1 Nbd7 21. Rc6
Nc5 22. Nd2 a5 23. Bg2 Rad8 24. e5 dxe5 25. fxe5 Nh7 26. Bf4 Na6 27. e6 Nb4 28.
exf7+ Rxf7 29. Rxg6 Nxd5 30. Bh6 Qa7+ 31. Kh1 Ndf6 32. Qe6 Kf8 33. Bf4 Ng4 34.
h3 Ngf6 35. Nf3 Qd7 36. Qxf7+ Kxf7 37. Ne5+ Kf8 38. Nxd7+ Rxd7 39. Bc6 Rd8 40.
Bxb5 Kf7 41. Rxg7+ Kxg7 42. Re1 Nd5 43. Bd2 Nhf6 44. a4 Ra8 45. Re5 Ra7 46. Bc4
Nb6 47. Be3 Nxc4 48. Rg5+ Kh6 49. bxc4 Rd7 50. Rxa5+ Kg6 51. Rg5+ Kf7 52. Kg2
Rd3 53. Kf3 Rc3 54. a5 Rxc4 55. a6 Ra4 56. a7 Ke6 57. Rb5 Nd7 58. Rb8 Ne5+ 59.
Ke2 Ra2+ 60. Kd1 Nc4 1-0

[Event "XV C.to Italiano U20"]
[Site "Fiuggi ITA"]
[Date "2007.07.21"]
[Round "4"]
[White "Romano, Zeno"]
[Black "Messina, Salvatore"]
[Result "1-0"]
[WhiteElo "1866"]
[BlackElo "1374"]
[PlyCount "33"]
[EventDate "2007.07.18"]

1. e4 c5 2. Nf3 d6 3. d4 cxd4 4. Nxd4 Nf6 5. Nc3 a6 6. Be3 e6 7. Be2 Be7 8. O-O
b5 9. Bf3 e5 10. Nf5 g6 11. Nxe7 Qxe7 12. Qd2 Bb7 13. Rad1 b4 14. Na4 Bxe4 15.
Bxe4 Nxe4 16. Qd5 Nxf2 17. Qxa8 1-0

[Event "XV C.to Italiano U20"]
[Site "Fiuggi ITA"]
[Date "2007.07.21"]
[Round "4"]
[White "Rombaldoni, Axel"]
[Black "Brunello, Sabino"]
[Result "1/2-1/2"]
[WhiteElo "2269"]
[BlackElo "2475"]
[PlyCount "51"]
[EventDate "2007.07.18"]

1. e4 e5 2. Nf3 Nc6 3. Bb5 a6 4. Ba4 Nf6 5. d3 b5 6. Bb3 Be7 7. O-O d6 8. c3
O-O 9. Nbd2 Na5 10. Bc2 c5 11. Re1 Re8 12. Nf1 Bf8 13. d4 cxd4 14. cxd4 Bg4 15.
Ne3 Bxf3 16. Qxf3 Nc6 17. Nf5 Nxd4 18. Nxd4 exd4 19. Bg5 Rc8 20. Bb3 Rc5 21.
Bxf6 Qxf6 22. Qxf6 gxf6 23. Rad1 f5 24. Rxd4 fxe4 25. g4 Rce5 26. Bd5 1/2-1/2

[Event "XV C.to Italiano U20"]
[Site "Fiuggi ITA"]
[Date "2007.07.21"]
[Round "4"]
[White "Ronchetti, Niccolo'"]
[Black "Navarro, Stefano"]
[Result "1-0"]
[WhiteElo "2410"]
[BlackElo "2242"]
[PlyCount "55"]
[EventDate "2007.07.18"]

1. e4 e5 2. Nf3 d6 3. d4 exd4 4. Nxd4 Nf6 5. Nc3 Be7 6. Bc4 O-O 7. O-O a6 8. a4
Nc6 9. Re1 Re8 10. a5 Nb4 11. Bf4 h6 12. Bb3 Bf8 13. Qd2 Bg4 14. f3 Bd7 15.
Nce2 c5 16. c3 Nc6 17. Nxc6 Bxc6 18. Ng3 b5 19. axb6 Qxb6 20. Bc4 Red8 21. Ba2
d5 22. e5 Ne8 23. e6 fxe6 24. Rxe6 c4+ 25. Kh1 Nd6 26. Rae1 Bd7 27. Rxd6 Bxd6
28. Qxd5+ 1-0

[Event "XV C.to Italiano U20"]
[Site "Fiuggi ITA"]
[Date "2007.07.21"]
[Round "4"]
[White "Santagati, Alessandro"]
[Black "Coladangelo, Andrea"]
[Result "1/2-1/2"]
[WhiteElo "2141"]
[BlackElo "1783"]
[PlyCount "82"]
[EventDate "2007.07.18"]

1. d4 Nf6 2. Nf3 d5 3. c4 e6 4. e3 b6 5. Nc3 Bb7 6. cxd5 Nxd5 7. Bd3 Nxc3 8.
bxc3 Nd7 9. O-O Bd6 10. e4 c5 11. e5 Be7 12. Qe2 O-O 13. Rd1 cxd4 14. cxd4 Bd5
15. Be4 Bxe4 16. Qxe4 Nc5 17. Qg4 Kh8 18. Bg5 Na6 19. d5 exd5 20. Bxe7 Qxe7 21.
Rxd5 Rad8 22. Rad1 Rxd5 23. Rxd5 Rd8 24. Rxd8+ Qxd8 25. Ng5 Qc7 26. Nxf7+ Kg8
27. Nh6+ Kh8 28. Qf4 Qc8 29. Nf7+ Kg8 30. Nd6 Qe6 31. Qa4 Nc5 32. Qxa7 h6 33.
Qxb6 Qxa2 34. g3 Qa1+ 35. Kg2 Qxe5 36. Qd8+ Kh7 37. Qh8+ Kg6 38. Qf8 Qd5+ 39.
f3 Qe6 40. Ne8 Qe2+ 41. Kh3 Ne6 1/2-1/2

[Event "XV C.to Italiano U20"]
[Site "Fiuggi ITA"]
[Date "2007.07.22"]
[Round "5"]
[White "Brunello, Sabino"]
[Black "Pomaro, Alberto"]
[Result "1-0"]
[WhiteElo "2475"]
[BlackElo "2149"]
[PlyCount "67"]
[EventDate "2007.07.18"]

1. e4 e6 2. d4 d5 3. e5 c5 4. c3 Nc6 5. Nf3 Qb6 6. a3 Nh6 7. b4 cxd4 8. cxd4
Nf5 9. Be3 f6 10. exf6 gxf6 11. Bd3 Nxe3 12. fxe3 Bh6 13. Qe2 Bd7 14. Nc3 O-O-O
15. O-O Kb8 16. Na4 Qc7 17. Nc5 e5 18. dxe5 Nxe5 19. Nd4 Bg4 20. Qf2 Rde8 21.
Rae1 Qg7 22. Nf5 Bxf5 23. Bxf5 Re7 24. e4 Rhe8 25. exd5 Nf3+ 26. Qxf3 Rxe1 27.
Ne6 Be3+ 28. Qxe3 Qxg2+ 29. Kxg2 Rxe3 30. Rd1 Re5 31. Bh3 Rg8+ 32. Kf3 Kc8 33.
d6 Kd7 34. Nc5+ 1-0

[Event "XV C.to Italiano U20"]
[Site "Fiuggi ITA"]
[Date "2007.07.22"]
[Round "5"]
[White "Campese, Andrea"]
[Black "Albertini, Luca"]
[Result "1/2-1/2"]
[WhiteElo "1817"]
[BlackElo "1697"]
[PlyCount "162"]
[EventDate "2007.07.18"]

1. b3 e5 2. Bb2 d6 3. e3 Nf6 4. c4 Nc6 5. Nf3 Be7 6. Nc3 O-O 7. d4 exd4 8. Nxd4
Bd7 9. Bd3 Re8 10. O-O Bf8 11. a3 Ne5 12. Be2 Qc8 13. Nf3 Nfg4 14. Nxe5 Nxe5
15. Rc1 g6 16. Nd5 Bg7 17. Bc3 Qd8 18. Qc2 c6 19. Nf4 Be6 20. Rfd1 Qc7 21. Rd2
Rad8 22. Rcd1 f5 23. Nxe6 Rxe6 24. b4 Re7 25. h3 Red7 26. Qb3 Kh8 27. Rc2 Qb6
28. Qa4 a6 29. Qa5 Qxa5 30. bxa5 d5 31. c5 Nf7 32. Bd4 Re8 33. Rb1 Rde7 34. Bd3
Nd8 35. Rb4 Bxd4 36. exd4 Re1+ 37. Kh2 Rd1 38. Rc3 Ree1 39. Kg3 Kg7 40. Rcb3
Kf6 41. h4 h6 42. f4 Rd2 43. Kf3 Red1 44. Be2 Rxd4 45. Bxd1 Rxd1 46. Rc3 g5 47.
fxg5+ hxg5 48. hxg5+ Kxg5 49. Ke2 Ra1 50. Kd3 Ra2 51. g3 Rg2 52. Kd4 Kf6 53.
Re3 Rc2 54. Rbb3 Rc4+ 55. Kd3 Ra4 56. Kc2 Ne6 57. Rxb7 Rxa5 58. Rc3 d4 59. Rc4
Ke5 60. a4 Kd5 61. Rbb4 Rxc5 62. Rxc5+ Nxc5 63. a5 Nd7 64. Rb7 Kd6 65. Ra7 Nc5
66. Rf7 Ke6 67. Rc7 Kd5 68. Rf7 Kc4 69. Rxf5 d3+ 70. Kd1 Ne4 71. Rf4 Kd4 72. g4
Ke5 73. Rxe4+ Kxe4 74. Kd2 Kf4 75. Kxd3 Kxg4 76. Kc4 Kf5 77. Kc5 Ke5 78. Kb6
Kd6 79. Kxa6 Kc7 80. Ka7 c5 81. a6 c4 1/2-1/2

[Event "XV C.to Italiano U20"]
[Site "Fiuggi ITA"]
[Date "2007.07.22"]
[Round "5"]
[White "Cinque, Antonio"]
[Black "Cantu', Guido"]
[Result "0-1"]
[WhiteElo "1653"]
[BlackElo "1854"]
[PlyCount "80"]
[EventDate "2007.07.18"]

1. g3 d5 2. Bg2 Nf6 3. d3 c5 4. Bg5 e6 5. Nd2 h6 6. Bxf6 Qxf6 7. c3 Nc6 8. Ngf3
Bd6 9. Qc2 O-O 10. O-O Rb8 11. a4 Bd7 12. Ne1 b5 13. e4 d4 14. f4 Qd8 15. e5
Be7 16. axb5 Rxb5 17. Nc4 Na5 18. Nxa5 Rxa5 19. Nf3 Rxa1 20. Rxa1 dxc3 21. bxc3
c4 22. d4 a5 23. Qe2 a4 24. Qxc4 Qa5 25. Qd3 Rb8 26. c4 Rb2 27. c5 Bc6 28. Ne1
Bb5 29. Qe4 Qc3 30. Rd1 a3 31. Qf3 Qxf3 32. Bxf3 Kf8 33. Be4 Ke8 34. Rc1 Kd8
35. Nd3 Bxd3 36. Bxd3 a2 37. h4 Kc8 38. Kf1 Bd8 39. Ke1 Ba5+ 40. Kd1 Rd2+ 0-1

[Event "XV C.to Italiano U20"]
[Site "Fiuggi ITA"]
[Date "2007.07.22"]
[Round "5"]
[White "Coladangelo, Andrea"]
[Black "Locci, Damiano"]
[Result "0-1"]
[WhiteElo "1783"]
[BlackElo "2025"]
[PlyCount "83"]
[EventDate "2007.07.18"]

1. e4 e5 2. Nf3 Nc6 3. d4 exd4 4. Nxd4 Bb4+ 5. c3 Bc5 6. Be3 Bb6 7. Nxc6 bxc6
8. Bxb6 cxb6 9. Bc4 Qf6 10. O-O Ne7 11. f4 O-O 12. e5 Qg6 13. Bd3 f5 14. Bc4+
Kh8 15. Rf3 b5 16. Bb3 c5 17. Rg3 Qh6 18. Qf3 Rb8 19. Rg5 Bb7 20. Qg3 d6 21.
exd6 Qxd6 22. Na3 c4 23. Bc2 a6 24. Rd1 Qc5+ 25. Kh1 g6 26. Qe1 Rbd8 27. Rg3
Rxd1 28. Bxd1 Be4 29. Bf3 Nd5 30. Bxe4 fxe4 31. Qxe4 Qf2 32. Rf3 Qxb2 33. h3
Qxa3 34. Qxd5 Qe7 35. Qe5+ Qf6 36. Re3 Qxe5 37. fxe5 Kg7 38. g4 Kf7 39. Rf3+
Ke7 40. Rxf8 Kxf8 41. Kg2 b4 42. Kf2 0-1

[Event "XV C.to Italiano U20"]
[Site "Fiuggi ITA"]
[Date "2007.07.22"]
[Round "5"]
[White "Fossati, Remigio"]
[Black "Bove, Alessandro"]
[Result "1-0"]
[WhiteElo "2195"]
[BlackElo "2173"]
[PlyCount "89"]
[EventDate "2007.07.18"]

1. d4 Nf6 2. c4 c5 3. d5 e5 4. Nc3 d6 5. e4 Be7 6. Nf3 Bg4 7. Be2 Bxf3 8. Bxf3
O-O 9. Be3 Ne8 10. Qd2 Na6 11. Be2 Rb8 12. h4 Nac7 13. g4 a6 14. a4 Qd7 15. a5
b5 16. axb6 Rxb6 17. g5 g6 18. h5 f5 19. gxf6 Nxf6 20. hxg6 hxg6 21. Rg1 Kf7
22. Bh6 Rg8 23. Rg3 Ke8 24. Bd1 Kd8 25. Ba4 Qc8 26. Qe2 Rh8 27. Rxg6 Qh3 28.
Bg7 Qh1+ 29. Qf1 Qxf1+ 30. Kxf1 Rh1+ 31. Rg1 Rxg1+ 32. Kxg1 Nh5 33. Bh6 Rxb2
34. Nd1 Rb4 35. Ne3 Nf4 36. Bc6 Rb2 37. Nf5 Rb4 38. Kh2 Rb2 39. Rg1 Rxf2+ 40.
Kh1 Ne8 41. Rg8 Rf1+ 42. Kh2 Rf2+ 43. Kg1 Nh3+ 44. Kh1 Rf1+ 45. Kh2 1-0

[Event "XV C.to Italiano U20"]
[Site "Fiuggi ITA"]
[Date "2007.07.22"]
[Round "5"]
[White "Gorgoglione, Enrico"]
[Black "Cantoro, Daniele"]
[Result "1/2-1/2"]
[WhiteElo "1748"]
[BlackElo "1876"]
[PlyCount "67"]
[EventDate "2007.07.18"]

1. Nf3 Nf6 2. g3 g6 3. Bg2 Bg7 4. d4 d5 5. Nc3 O-O 6. O-O e6 7. Nh4 Nbd7 8. e4
dxe4 9. Nxe4 Nxe4 10. Bxe4 c5 11. dxc5 Nxc5 12. Bg2 Qe7 13. Qe2 Rb8 14. c3 b6
15. Be3 Bb7 16. Rad1 Bxg2 17. Nxg2 Rfd8 18. h4 Rxd1 19. Rxd1 Rd8 20. Bxc5 Rxd1+
21. Qxd1 Qxc5 22. Nf4 Bh6 23. Qd8+ Kg7 24. Nd3 Qc4 25. Qd4+ Qxd4 26. cxd4 Kf6
27. Kg2 Ke7 28. Kf3 Bg7 29. Ke3 Kd6 30. b3 h6 31. Ke4 g5 32. hxg5 hxg5 33. g4
f6 34. f3 1/2-1/2

[Event "XV C.to Italiano U20"]
[Site "Fiuggi ITA"]
[Date "2007.07.22"]
[Round "5"]
[White "Lettieri, Giuseppe"]
[Black "Frilli, Guido"]
[Result "1/2-1/2"]
[WhiteElo "2293"]
[BlackElo "2168"]
[PlyCount "210"]
[EventDate "2007.07.18"]

1. d4 Nf6 2. c4 e6 3. Nc3 Bb4 4. Qc2 O-O 5. Bg5 h6 6. Bh4 c5 7. e3 d5 8. Nf3
cxd4 9. exd4 Nc6 10. a3 Be7 11. c5 b6 12. Bb5 Bb7 13. Bxc6 Bxc6 14. b4 bxc5 15.
bxc5 Nd7 16. Bg3 e5 17. Bxe5 Bxc5 18. O-O Bb6 19. Bg3 Rc8 20. Qd3 Nf6 21. Ne5
Ne4 22. Ne2 Ba4 23. Rfc1 Bd7 24. Bf4 Be6 25. a4 Nd6 26. a5 Bc7 27. Nc6 Qd7 28.
Nxa7 Ra8 29. Bxd6 Qxd6 30. Rxc7 Qxc7 31. Nb5 Qb7 32. Nbc3 Ra6 33. Nf4 Rfa8 34.
Rb1 Qc6 35. Qg3 Rxa5 36. Nh5 g6 37. Nf6+ Kf8 38. h3 Ra1 39. Rxa1 Rxa1+ 40. Kh2
Ra8 41. Ne2 Bf5 42. Qe5 Qe6 43. Nh7+ Ke7 44. Qc7+ Qd7 45. Qe5+ Be6 46. Qf6+ Kd6
47. Nf4 Kc6 48. Nd3 Qc7+ 49. Ne5+ Kb7 50. Qf3 Ra5 51. Nf8 Rb5 52. Nxe6 fxe6 53.
g3 Rb2 54. Kg2 Qc2 55. Nd3 Rb1 56. Qf7+ Kb8 57. Qe8+ Ka7 58. Qe7+ Rb7 59. Qa3+
Kb8 60. Qd6+ Ka7 61. Ne5 Rg7 62. Qa3+ Kb8 63. Qb4+ Ka8 64. Qa5+ Kb8 65. Qb5+
Ka8 66. Qa5+ Kb8 67. Qe1 Qf5 68. Qe3 Qc2 69. Nd3 Rc7 70. Nf4 Qe4+ 71. Qxe4 dxe4
72. Nxg6 Rd7 73. Nf4 Rd6 74. Kf1 Rxd4 75. Nxe6 Rc4 76. Ke2 Kc8 77. Ke3 Kd7 78.
Nd4 Kd6 79. Nf5+ Ke5 80. Nxh6 Rc3+ 81. Ke2 Rc2+ 82. Kf1 Ra2 83. Ng4+ Kd4 84. h4
Ra5 85. Ne3 Rb5 86. Kg2 Rh5 87. g4 Rh8 88. Kg3 Ke5 89. Nc4+ Kd5 90. Ne3+ Ke5
91. g5 Rf8 92. Nc4+ Kf5 93. Ne3+ Ke5 94. Ng4+ Kf5 95. Nh2 Ra8 96. Nf1 Rf8 97.
Nd2 Rd8 98. Nc4 Rf8 99. Nb6 Rb8 100. Nd5 Ke5 101. Ne7 Re8 102. Ng6+ Kf5 103.
Nf4 Ra8 104. Nd5 Ke5 105. Ne3 Rf8 1/2-1/2

[Event "XV C.to Italiano U20"]
[Site "Fiuggi ITA"]
[Date "2007.07.22"]
[Round "5"]
[White "Lombardo, Michele"]
[Black "Romano, Zeno"]
[Result "1/2-1/2"]
[WhiteElo "2002"]
[BlackElo "1866"]
[PlyCount "100"]
[EventDate "2007.07.18"]

1. g3 e5 2. Bg2 d5 3. d4 e4 4. c4 c6 5. Nc3 Nf6 6. Bg5 Be7 7. e3 Nbd7 8. Nge2
h6 9. Bxf6 Nxf6 10. Qb3 b6 11. cxd5 cxd5 12. Nf4 Bb7 13. Qb5+ Qd7 14. Qxd7+
Kxd7 15. O-O g5 16. Nfe2 Ba6 17. Rfe1 Bb4 18. a3 Bxe2 19. Rxe2 Bxc3 20. bxc3
Ne8 21. c4 g4 22. cxd5 Nd6 23. Rc2 Rac8 24. Rac1 Rxc2 25. Rxc2 Rc8 26. Rxc8
Kxc8 27. h3 h5 28. hxg4 hxg4 29. Bf1 b5 30. Be2 f5 31. Kf1 Kc7 32. Ke1 Kb6 33.
Kd2 Ka5 34. Kc3 Kb6 35. a4 bxa4 36. Kb4 a3 37. Kxa3 Nf7 38. Kb4 Ng5 39. d6 Kc6
40. d7 Kxd7 41. Kc5 Nh3 42. Kd5 Nxf2 43. Ke5 a5 44. Bb5+ Ke7 45. Kxf5 Kd6 46.
Ba4 Ke7 47. Ke5 Kd8 48. Kd5 Nh1 49. Kxe4 Nxg3+ 50. Kd3 Nf5 1/2-1/2

[Event "XV C.to Italiano U20"]
[Site "Fiuggi ITA"]
[Date "2007.07.22"]
[Round "5"]
[White "Maggi, Fabrizio"]
[Black "Bosi, Clint"]
[Result "1-0"]
[WhiteElo "1895"]
[BlackElo "2080"]
[PlyCount "65"]
[EventDate "2007.07.18"]

1. c4 Nf6 2. Nc3 g6 3. e4 d6 4. d4 Bg7 5. Nge2 O-O 6. Ng3 e5 7. d5 Ne8 8. h4 f5
9. exf5 gxf5 10. Nh5 Nf6 11. Bg5 Nbd7 12. Qd2 Rf7 13. Be2 Qf8 14. O-O-O Kh8 15.
Rdg1 Nc5 16. Nxg7 Qxg7 17. f3 a5 18. Be3 b6 19. h5 f4 20. Bf2 Bf5 21. g4 Bd7
22. g5 Nxh5 23. Rxh5 Bf5 24. Bxc5 bxc5 25. Bd3 Rg8 26. g6 Bxd3 27. Qxd3 Rf6 28.
Rhg5 h6 29. R5g4 Rc8 30. Ne4 Rff8 31. Rh1 Kg8 32. Rgh4 Qxg6 33. Rg4 1-0

[Event "XV C.to Italiano U20"]
[Site "Fiuggi ITA"]
[Date "2007.07.22"]
[Round "5"]
[White "Messina, Salvatore"]
[Black "Caprio, Guido"]
[Result "0-1"]
[WhiteElo "1374"]
[BlackElo "1961"]
[PlyCount "42"]
[EventDate "2007.07.18"]

1. d4 Nf6 2. c4 g6 3. Nc3 Bg7 4. e4 d6 5. Nf3 O-O 6. Be2 e5 7. d5 a5 8. Be3 Ng4
9. Bg5 f6 10. Bh4 Na6 11. O-O Qe8 12. Ne1 Nh6 13. f3 f5 14. Bg3 f4 15. Bf2 g5
16. Qd2 g4 17. Qd1 Qg6 18. Kh1 g3 19. Bg1 Nf7 20. h3 Bxh3 21. gxh3 Qh5 0-1

[Event "XV C.to Italiano U20"]
[Site "Fiuggi ITA"]
[Date "2007.07.22"]
[Round "5"]
[White "Navarro, Stefano"]
[Black "Rombaldoni, Axel"]
[Result "1-0"]
[WhiteElo "2242"]
[BlackElo "2269"]
[PlyCount "115"]
[EventDate "2007.07.18"]

1. e4 c5 2. Nf3 d6 3. d4 cxd4 4. Nxd4 Nf6 5. Nc3 Bd7 6. Bg5 e6 7. Qd2 a6 8.
O-O-O h6 9. Bxf6 Qxf6 10. f4 Nc6 11. Nxc6 Bxc6 12. Bd3 g5 13. Rhf1 Bg7 14. Rde1
gxf4 15. Rxf4 Qe5 16. Qf2 Rf8 17. Rf1 O-O-O 18. Qb6 Qd4 19. Qxd4 Bxd4 20. Rxf7
Rxf7 21. Rxf7 d5 22. exd5 exd5 23. Nd1 Bg1 24. h4 Bh2 25. g4 Bg3 26. h5 d4 27.
b3 Bh4 28. Nb2 b5 29. Bf5+ Kb8 30. Nd3 Bg5+ 31. Kb2 Re8 32. Nc5 Re7 33. Nxa6+
Ka7 34. Rxe7+ Bxe7 35. Nc7 Bf6 36. Kc1 Kb6 37. Ne6 Bd5 38. Nf8 Kc6 39. Bd7+ Kc5
40. a3 Kd6 41. Bf5 Kc6 42. Ng6 Bf7 43. Kd2 Kd6 44. Kd3 Be8 45. Nf4 b4 46. a4
Bf7 47. Ne2 Kc5 48. Ng3 Bd5 49. Be4 Be6 50. Nf5 Bc8 51. Ke2 Bg5 52. Bd3 Kb6 53.
Kf3 Kc5 54. a5 Bb7+ 55. Ke2 Ba8 56. a6 Bd5 57. Kf2 Bf4 58. Be2 1-0

[Event "XV C.to Italiano U20"]
[Site "Fiuggi ITA"]
[Date "2007.07.22"]
[Round "5"]
[White "Pesce, Gabriele"]
[Black "Basile, Luca"]
[Result "1-0"]
[WhiteElo "2000"]
[BlackElo "1781"]
[PlyCount "81"]
[EventDate "2007.07.18"]

1. e4 c5 2. Nc3 Nc6 3. f4 d6 4. Nf3 g6 5. Bc4 Bg7 6. d3 e6 7. O-O Nge7 8. Qe1
O-O 9. Qh4 d5 10. Bb3 c4 11. dxc4 dxe4 12. Nxe4 f6 13. Qf2 Qc7 14. Be3 f5 15.
Nc3 Bd7 16. Rad1 a6 17. Bb6 Qc8 18. Qd2 Be8 19. Qd6 Bf7 20. Ng5 h6 21. Nxf7
Rxf7 22. Rfe1 Rf6 23. c5 Kf7 24. Re5 g5 25. fxg5 hxg5 26. Ree1 Rh6 27. Qd7 Qxd7
28. Rxd7 Bd4+ 29. Kf1 Be5 30. Bc7 Ke8 31. Rxe7+ Kxe7 32. Bxe5 Rd8 33. Bd6+ Kf7
34. Ne2 f4 35. c3 Ne7 36. Nd4 Nd5 37. Rxe6 Rxe6 38. Bxd5 Rh8 39. Nxe6 Kf6 40.
h3 Re8 41. Nd4 1-0

[Event "XV C.to Italiano U20"]
[Site "Fiuggi ITA"]
[Date "2007.07.22"]
[Round "5"]
[White "Piscitelli, Vito"]
[Black "Dini, Andrea"]
[Result "1/2-1/2"]
[WhiteElo "1918"]
[BlackElo "1949"]
[PlyCount "55"]
[EventDate "2007.07.18"]

1. e4 c5 2. Nf3 d6 3. d4 cxd4 4. Qxd4 a6 5. c4 Nc6 6. Qd2 Nf6 7. Nc3 g6 8. b3
Bg7 9. Bb2 O-O 10. Bd3 Bg4 11. Ng1 Qa5 12. h3 Bd7 13. Nge2 Rfc8 14. O-O Rab8
15. Rfd1 Ne5 16. Rac1 b5 17. cxb5 axb5 18. Bb1 Qa7 19. Qd4 Rc5 20. Qe3 Rc7 21.
Qxa7 Rxa7 22. Kh1 Bh6 23. f4 Nc6 24. Nd5 Nxd5 25. exd5 Nb4 26. a3 Na6 27. Bd4
Rab7 28. Be4 1/2-1/2

[Event "XV C.to Italiano U20"]
[Site "Fiuggi ITA"]
[Date "2007.07.22"]
[Round "5"]
[White "Rombaldoni, Denis"]
[Black "Ronchetti, Niccolo'"]
[Result "1/2-1/2"]
[WhiteElo "2383"]
[BlackElo "2410"]
[PlyCount "35"]
[EventDate "2007.07.18"]

1. d4 Nf6 2. Nf3 e6 3. c4 Nc6 4. a3 d6 5. Nc3 g6 6. e4 Bg7 7. Be2 O-O 8. O-O
Re8 9. Be3 e5 10. dxe5 dxe5 11. Qxd8 Nxd8 12. Nb5 Ne6 13. Ng5 Re7 14. Rad1 c6
15. Nxe6 Bxe6 16. Nc3 Rd7 17. f3 Bf8 18. Kf2 1/2-1/2

[Event "XV C.to Italiano U20"]
[Site "Fiuggi ITA"]
[Date "2007.07.22"]
[Round "5"]
[White "Sellitti, Federico"]
[Black "Valsecchi, Alessio"]
[Result "0-1"]
[WhiteElo "2171"]
[BlackElo "2175"]
[PlyCount "44"]
[EventDate "2007.07.18"]

1. e4 c5 2. f4 d5 3. exd5 Nf6 4. Bb5+ Bd7 5. Bxd7+ Qxd7 6. c4 e6 7. Qe2 Bd6 8.
f5 O-O 9. fxe6 fxe6 10. dxe6 Qe7 11. Nf3 Nc6 12. Nc3 Nd4 13. Nxd4 cxd4 14. Nb5
Bc5 15. d3 a6 16. Na3 Bb4+ 17. Bd2 Bxd2+ 18. Kxd2 Ng4 19. Qxg4 Rf2+ 20. Kc1 Qb4
21. Qxd4 Qd2+ 22. Kb1 Raf8 0-1

[Event "XV C.to Italiano U20"]
[Site "Fiuggi ITA"]
[Date "2007.07.23"]
[Round "6"]
[White "Albertini, Luca"]
[Black "Coladangelo, Andrea"]
[Result "0-1"]
[WhiteElo "1697"]
[BlackElo "1783"]
[PlyCount "112"]
[EventDate "2007.07.18"]

1. d4 Nf6 2. c4 g6 3. Nc3 Bg7 4. e4 d6 5. Nf3 O-O 6. Be2 e5 7. O-O Nc6 8. d5
Ne7 9. Be3 Ne8 10. Nd2 f5 11. f3 f4 12. Bf2 g5 13. Rc1 h5 14. c5 Rf7 15. cxd6
cxd6 16. Bb5 Nf6 17. Be2 Ng6 18. Nb5 g4 19. g3 fxg3 20. hxg3 Bh6 21. Rc2 a6 22.
Nc3 Rg7 23. Kh2 h4 24. Rg1 gxf3 25. Bxf3 hxg3+ 26. Bxg3 Qd7 27. Rg2 Be3 28. Kh1
Nf4 29. Nf1 Nxg2 30. Rxg2 Ba7 31. Rh2 Rh7 32. Qd2 Rxh2+ 33. Bxh2 Qg7 34. Bg2
Ng4 35. Nd1 Nxh2 36. Nxh2 Bh3 37. Nf3 Bxg2+ 38. Qxg2 Qxg2+ 39. Kxg2 Rc8 40. Nc3
Bd4 41. Nxd4 exd4 42. Ne2 Rc2 43. Kf3 d3 44. Nc3 Rxb2 45. Ke3 d2 46. a4 b5 47.
axb5 axb5 48. Ke2 Kg7 49. Nd1 Rb3 50. Kxd2 Kf6 51. Kc2 Rh3 52. Kd2 Ke5 53. Kc2
Rf3 54. Kd2 Kxe4 55. Ke2 Ra3 56. Kd2 Rd3+ 0-1

[Event "XV C.to Italiano U20"]
[Site "Fiuggi ITA"]
[Date "2007.07.23"]
[Round "6"]
[White "Basile, Luca"]
[Black "Messina, Salvatore"]
[Result "1-0"]
[WhiteElo "1781"]
[BlackElo "1374"]
[PlyCount "63"]
[EventDate "2007.07.18"]

1. d4 Nf6 2. c4 e6 3. Nc3 d5 4. Bg5 Bb4 5. a3 Be7 6. e3 c5 7. Nf3 Nbd7 8. Bf4
O-O 9. cxd5 cxd4 10. Nxd4 exd5 11. Ndb5 a6 12. Nc7 Ra7 13. N7xd5 Nxd5 14. Qxd5
Nf6 15. Qxd8 Rxd8 16. Be2 Bg4 17. f3 Bh5 18. e4 Bc5 19. h4 h6 20. g4 Bg6 21. h5
Bh7 22. g5 hxg5 23. Bxg5 Re8 24. Bxf6 gxf6 25. Nd5 Re6 26. Rc1 b6 27. b4 Bd6
28. Rg1+ Kh8 29. Rc8+ Bg8 30. Rgxg8+ Kh7 31. Rh8+ Kg7 32. Rcg8# 1-0